Welcome to CU Library Online Public Access Catalogue (OPAC)

Remote sensing and image interpretation / (Record no. 5440)

MARC details
000 -LEADER
fixed length control field 01027cam a2200265 a 4500
001 - CONTROL NUMBER
control field 14920031
005 - DATE AND TIME OF LATEST TRANSACTION
control field 20250411180740.0
008 - FIXED-LENGTH DATA ELEMENTS--GENERAL INFORMATION
fixed length control field 070709s2008 njuabf b 001 0 eng
020 ## - INTERNATIONAL STANDARD BOOK NUMBER
International Standard Book Number 9780470052457 (cloth : alk. paper)
020 ## - INTERNATIONAL STANDARD BOOK NUMBER
International Standard Book Number 0470052457 (cloth : alk. paper)
050 00 - LIBRARY OF CONGRESS CALL NUMBER
Classification number G70.4
Item number .L54 2008
082 00 - DEWEY DECIMAL CLASSIFICATION NUMBER
Classification number 621.36/78
Edition information 22
100 1# - MAIN ENTRY--PERSONAL NAME
Personal name Lillesand, Thomas M.
245 10 - TITLE STATEMENT
Title Remote sensing and image interpretation /
Statement of responsibility, etc. Thomas M. Lillesand, Ralph W. Kiefer, Jonathan W. Chipman.
250 ## - EDITION STATEMENT
Edition statement 6th ed.
260 ## - PUBLICATION, DISTRIBUTION, ETC.
Place of publication, distribution, etc. Hoboken, NJ :
Name of publisher, distributor, etc. John Wiley & Sons,
Date of publication, distribution, etc. c2008.
300 ## - PHYSICAL DESCRIPTION
Extent xii, 756 p., [36] p. of plates :
Other physical details ill. (some col.), maps (some col.) ;
Dimensions 25 cm.
500 ## - GENERAL NOTE
General note Includes Index
650 #0 - SUBJECT ADDED ENTRY--TOPICAL TERM
Topical term or geographic name entry element Remote sensing.
700 1# - ADDED ENTRY--PERSONAL NAME
Personal name Kiefer, Ralph W.
700 1# - ADDED ENTRY--PERSONAL NAME
Personal name Chipman, Jonathan W.
856 42 - ELECTRONIC LOCATION AND ACCESS
Materials specified Publisher description
Uniform Resource Identifier <a href="http://www.loc.gov/catdir/enhancements/fy0814/2007028033-d.html">http://www.loc.gov/catdir/enhancements/fy0814/2007028033-d.html</a>
856 41 - ELECTRONIC LOCATION AND ACCESS
Materials specified Table of contents only
Uniform Resource Identifier <a href="http://www.loc.gov/catdir/enhancements/fy0814/2007028033-t.html">http://www.loc.gov/catdir/enhancements/fy0814/2007028033-t.html</a>
942 ## - ADDED ENTRY ELEMENTS (KOHA)
Source of classification or shelving scheme Library of Congress Classification
Koha item type Books
Edition 6th Ed.
Suppress in OPAC No
999 ## -
-- 5440
-- 5440
Holdings
Withdrawn status Lost status Source of classification or shelving scheme Damaged status Not for loan Collection Home library Current library Shelving location Date acquired Total checkouts Full call number Barcode Date last seen Copy number Price effective from Koha item type
    Library of Congress Classification     Non-fiction Business Library (Miotso) Business Library (Miotso) General stacks 04/11/2025   G70.4 .L54 2008 BSSM00001799 04/11/2025 1 04/11/2025 Books
    Library of Congress Classification     Non-fiction Business Library (Miotso) Business Library (Miotso) General stacks 04/11/2025   G70.4 .L54 2008 BSSM00001800 04/11/2025 2 04/11/2025 Books
    Library of Congress Classification     Non-fiction Business Library (Miotso) Business Library (Miotso) General stacks 04/11/2025   G70.4 .L54 2008 BSSM00001801 04/11/2025 3 04/11/2025 Books
    Library of Congress Classification     Non-fiction Business Library (Miotso) Business Library (Miotso) General stacks 04/11/2025   G70.4 .L54 2008 BSSM00001802 04/11/2025 4 04/11/2025 Books
    Library of Congress Classification     Non-fiction Business Library (Miotso) Business Library (Miotso) General stacks 04/11/2025   G70.4 .L54 2008 BSSM00001803 04/11/2025 5 04/11/2025 Books
    Library of Congress Classification     Non-fiction Business Library (Miotso) Business Library (Miotso) General stacks 04/11/2025   G70.4 .L54 2008 BSSM00001804 04/11/2025 6 04/11/2025 Books
    Library of Congress Classification     Non-fiction Business Library (Miotso) Business Library (Miotso) General stacks 04/11/2025   G70.4 .L54 2008 BSSM00001805 04/11/2025 7 04/11/2025 Books
© 2023-2024 Copyright: Central University Libraries. All Rights Reserved | Created by: Mahone Tech Office